L'età dei lumi. Saggi sulla cultura settecentesca.

Saved in:
Bibliografiske detaljer
Hovedforfatter: Santucci, Antonio (autore)
Format: Bog
Sprog:engelsk
Udgivet: Bologna, Italia: Il Mulino, 1998.
Serier:Prismi.
Fag:
Tags: Tilføj Tag
Ingen Tags, Vær først til at tagge denne postø!

MARC

LEADER 00000nam a22000007a 4500
003 CL-VaPUC
005 20220822114441.0
008 220324t1998 ||||| |||| 00| 0 eng d
999 |c 435119  |d 435117 
020 |a 88-15-06712-4 
040 |c Pontificia Universidad Católica de Valparaíso 
082 7 |a 940.25 SAN 1998  |2 22 
100 |a Santucci, Antonio   |9 501549  |e autore 
245 |a L'età dei lumi.   |b Saggi sulla cultura settecentesca.  
260 |a Bologna, Italia:   |b Il Mulino,  |c 1998. 
300 |a 272 páginas. 
490 |a Prismi. 
500 |a c.1 Donación Familia Prof. Alejandro Guzmán Brito. 
505 |a Contenido: - Partie I: I Confini tra le scienze. - Partie II: Mente, corpo, medici, e filosofi. - Partie III: La polique e il potere. 
583 |c 20220324  |k Yessy Stephany Diaz Vidal 
650 0 |a Ilustración   |9 313124  |x Ensayos  
651 |a Europa   |x Cultura   |y Siglo 18   |x Ensayos   |9 869577 
942 |2 ddc  |c BK  |n 0 
952 |0 0  |1 0  |2 ddc  |4 0  |6 940_250000000000000_SAN_1998  |7 0  |8 C_AGB  |9 582124  |a BIBDER  |b BIBDER  |d 2022-03-24  |e Donación   |i 5650358  |o 940.25 SAN 1998  |p 5650358  |r 2023-01-25  |t 1  |w 2022-03-24  |y BK_US  |k AGB